000 00586nmm a2200157Ia 4500
008 251105s9999||||xx |||||||||||||||||und||
041 _aspa
100 _aQuiroga Cubides, Sebastián
245 0 _aCultura líquida: Transformación en el consumo de bebidas alcohólicas en Bogotá 1880-1930
264 _a[Bogotá, Colombia] :
_bEditorial Pontificia Universidad Javeriana,
_c2018
300 _a190 páginas
490 _aTaller y oficio de la historia
650 _aHistory of the Americas: Latin America
856 _uhttps://public.digitaliapublishing.com/a/59776
942 _cCF
999 _c100783
_d100783